Iconic Basketball Players by Picture - Statistics

General Stats
  • This quiz has been taken 288 times
  • The average score is 20 of 22
Answer Stats
Picture Answer % Correct
LeBron James
100%
Kobe Bryant
99%
Stephen Curry
99%
Michael Jordan
98%
Kevin Durant
95%
Larry Bird
95%
Shaquille O'Neal
95%
Giannis Antetokounmpo
93%
LaMelo Ball
92%
James Harden
91%
Jayson Tatum
89%
Anthony Davis
88%
Kareem Abdul-Jabbar
88%
Magic Johnson
88%
Dennis Rodman
86%
Anthony Edwards
84%
Joel Embiid
83%
Kawhi Leonard
83%
Jimmy Butler
82%
Devin Booker
80%
Charles Barkley
79%
Derrick Rose
77%
No matching quizzes found
Score Distribution
Percent of People with Each Score
Percentile by Number Answered
Your Score History
You have not taken this quiz